Codeword Puzzle #3 - Map Quiz - Statistics

General Stats
  • This quiz has been taken 2,156 times
  • The average score is 15 of 26
Answers on the Map
Answers color-coded by a green-red scale on the quiz's map according to % correct below.
 
Answer Stats
Answer % Correct
E
81%
N
78%
S
78%
T
78%
L
70%
I
67%
U
65%
A
63%
D
61%
Y
60%
C
55%
O
55%
G
54%
Q
54%
B
53%
R
53%
F
52%
H
52%
V
52%
W
51%
X
50%
J
48%
K
47%
M
47%
Z
47%
P
45%
No matching quizzes found
Score Distribution
Percent of People with Each Score
Percentile by Number Answered
Your Score History
You have not taken this quiz